书目信息 |
| 题名: |
大学英语四、六级考试词组精选与辩析
|
|
| 作者: | 王华琴 , 连松青 主编 | |
| 分册: | ||
| 出版信息: | 上海 东华大学出版社 2002.06 |
|
| 页数: | 16, 360页 | |
| 开本: | 20cm | |
| 丛书名: | 非常英语 | |
| 单 册: | ||
| 中图分类: | H310.42 | |
| 科图分类: | ||
| 主题词: | 英语--短语--高等学校--水平考试--自学参考资料 | |
| 电子资源: | ||
| ISBN: | 7-81038-465-1 | |
| 000 | 01132nam 2200277 450 | |
| 001 | 0163167468 | |
| 005 | 20051012102020.64 | |
| 010 | @a7-81038-465-1@dCNY12.00 | |
| 100 | @a20050402d2002 km y0chiy0120 ea | |
| 101 | 0 | @achi@aeng |
| 102 | @aCN@b310000 | |
| 105 | @ay a 001yy | |
| 200 | 1 | @a大学英语四、六级考试词组精选与辩析@Ada xue ying yu si、liu ji kao shi ci zu jing xuan yu bian xi@f王华琴, 连松青主编@Fwang hua qin,lian song qing zhu bian |
| 210 | @a上海@c东华大学出版社@d2002.06 | |
| 215 | @a16, 360页@d20cm | |
| 225 | 2 | @a非常英语 |
| 320 | @a有书目 (第359-360页)和索引。 | |
| 330 | @a本书根据《大学英语教学大纲》的要求,查阅了大量的字典、教材及专著,精选了极易混淆的约1000条常用短语,分成396 组,12单元。从实用出发,进行辨异,释义简明,例句精炼、典型、规范,并配有一定的练习,以供读者复习巩固之用。 | |
| 333 | @a读者对象:大学英语四、六级学生。 | |
| 410 | 0 | @12001 @a非常英语 |
| 606 | 0 | @a英语@x短语@x高等学校@x水平考试@x自学参考资料 |
| 690 | @aH310.42@v4 | |
| 701 | 0 | @a王华琴@Awang hua qin@4主编 |
| 701 | 0 | @a连松青@Alian song qing@4主编 |
| 801 | 0 | @aCN@bQSSK@c20051012 |
| 905 | @a10447@dH310.42@eW215 | |
| 大学英语四、六级考试词组精选与辩析/王华琴, 连松青主编.-上海:东华大学出版社,2002.06 |
| 16, 360页;20cm.-(非常英语) |
| 使用对象:读者对象:大学英语四、六级学生。 |
| ISBN 7-81038-465-1:CNY12.00 |
| 本书根据《大学英语教学大纲》的要求,查阅了大量的字典、教材及专著,精选了极易混淆的约1000条常用短语,分成396 组,12单元。从实用出发,进行辨异,释义简明,例句精炼、典型、规范,并配有一定的练习,以供读者复习巩固之用。 |
| ● |
| 相关链接 |
|
|
|
正题名:大学英语四、六级考试词组精选与辩析
索取号:H310.42/W215
 
预约/预借
| 序号 | 登录号 | 条形码 | 馆藏地/架位号 | 状态 | 备注 |
| 1 | 566181 | 205661817 | 语言库209/209语言库 97排4列3层/ [索取号:H310.42/W215] | 在馆 | |
| 2 | 566182 | 205661826 | 语言库209/209语言库 97排4列3层/ [索取号:H310.42/W215] | 在馆 | |
| 3 | 566183 | 205661835 | 语言库209/209语言库 97排4列3层/ [索取号:H310.42/W215] | 在馆 |